000 00828nam a2200205Ia 4500
001 13090
003 GE_BSU
008 181216s||||||||xx |||||||||||||| ||und||
040 _cGE_BSU
080 _a631.14(470)
245 _aВопросы размещения и специализации сельского хозьяйиства
245 _bСборник статей
245 _cПод.ред.Л.М.Зальцмана. Г.Г.Бадирьяна, К.П.Оболенского.Ред.М.А.Сулковская, П.П. Гребцов
260 _aМосква
260 _bГосиздат сель.-хоз.лит-ры
260 _c1957
300 _a552стр.27см.илл.
653 _aВопросы размещения и специализации сельского хозьяйиства
942 _cBK
999 _c46257
_d46257